000 00484nam a2200181 i 4500
001 bg
100 1 _aBUDZISZ, Feliks
245 0 _aRusskij jazik dlja studentov politechniceskich institutov /
_cFeliks Budzisz, Włodzimierz Jurec, Janusz Rudak.
250 _aWyd.2.
260 _aGdańsk,
_c1976.
700 1 _aJUREC, Włodzimierz
700 1 _aRUDAK, Janusz
040 _cBPK
041 _apol
080 _a808.2
942 _cKS
008 s pl f |000 0 pol
999 _c16763
_d16763
856 _uhttp://koha.tu.koszalin.pl/cgi-bin/koha/opac-detail.pl?biblionumber=16763
_yKatalog online BPK